00974nam a2200265 i 450000100060000000300090000600500170001500700030003200800410003502000180007608000160009408000200011024500450013026000670017530000310024249000290027361000350030265000730033765100650041071000350047583000370051085200220054799900170056995201220058614725ES-MaACL20230906150854.0t|990528s1996 ag ao |||| |dspa d a987-99610-1-3 a323.282(82) a32(82)"1976/83"00aHistoria de las Madres de Plaza de Mayo. aBuenos Aires : bAsociación Madres de Plaza de Mayo, c1996. a188 p. : bfot. ; c18 cm.1 a20 años de lucha ; v124aMadres de Plaza de Mayo.9556614aPersonas desaparecidas (Represión política)-zArgentina.9166898 4aArgentina-xHistoria-y1976-1983, Dictadura militar.91463482 aMadres de Plaza de Mayo.955660 a20 años de lucha ; v19228527 aES-MaACLjL-21886 c14725d14725 00104070aATENEOMbATENEOMcDEPO2d2008-01-17eSCl0oL-21886p1014973r2023-02-23 00:00:00w2023-02-23yMONOGRAFIA